Appalachian Heritage: A Magazine of Southern Appalachian Life and Culture (Запис № 282251)

МАРК-запис
000 -LEADER
fixed length control field 00555nam a22001817a 4500
020 ## - INTERNATIONAL STANDARD BOOK NUMBER
International Standard Book Number 9780363231800
041 ## - LANGUAGE CODE
Language code of text/sound track or separate title eng
080 ## - UNIVERSAL DECIMAL CLASSIFICATION NUMBER
Universal Decimal Classification number 92.1
090 ## - LOCALLY ASSIGNED LC-TYPE CALL NUMBER (OCLC); LOCAL CALL NUMBER (OCLC)
Local cutter number (OCLC) ; Book number/undivided call number, CALL (RLIN) FAR
100 ## - MAIN ENTRY--PERSONAL NAME
Personal name Farr, Sidney Saylor.
245 ## - TITLE STATEMENT
Title Appalachian Heritage: A Magazine of Southern Appalachian Life and Culture
250 ## - EDITION STATEMENT
Edition statement 3
260 ## - PUBLICATION, DISTRIBUTION, ETC. (IMPRINT)
Place of publication, distribution, etc Berea
Name of publisher, distributor, etc Berea College
Date of publication, distribution, etc 1995
300 ## - PHYSICAL DESCRIPTION
Extent 80
440 ## - SERIES STATEMENT/ADDED ENTRY--TITLE
Volume number/sequential designation 23
520 ## - SUMMARY, ETC.
Summary, etc A magazine of Southern Appalachian life and culture. This book contains articles, essays, fiction, and poetry.
-- Articles, Essays, Fiction, Poetry
942 ## - ADDED ENTRY ELEMENTS (KOHA)
Koha item type Книги
Фонди
Withdrawn status Lost status Source of classification or shelving scheme Damaged status Not for loan Home library Current library Date acquired Source of acquisition Coded location qualifier Cost, normal purchase price Total Checkouts Full call number Barcode Date last seen Price effective from Koha item type
    Universal Decimal Classification     ВІЛ - Відділ іноземн. літератури НБ ВІЛ - Відділ іноземн. літератури НБ 08/08/2005 Акт № 5\05 K44 1.00   92.1 209738 17/11/2021 26/12/2005 Книги